Hacer la historia
Guardat en:
| Autor principal: | |
|---|---|
| Altres autors: | |
| Format: | Llibre |
| Idioma: | espanyol |
| Publicat: |
Barcelona
Laia
1980
|
| Col·lecció: | Colección Papel 451, 43-47-50
|
| Matèries: | |
| Etiquetes: |
Afegir etiqueta
Sense etiquetes, Sigues el primer a etiquetar aquest registre!
|
MARC
| LEADER | 00000nam a2200000 a 4500 | ||
|---|---|---|---|
| 001 | UCO1973 | ||
| 003 | CL-VaPUC | ||
| 008 | 000602e19800000SP |||||||||||||||||spa|d | ||
| 082 | 0 | 4 | |a 907.2 |b LEG |2 21 |
| 100 | |a Le Goff, Jacques |e author |9 322549 | ||
| 700 | |a Nora, Pierre |e autor |9 538805 | ||
| 245 | 1 | 0 | |a Hacer la historia |
| 300 | |a 3 v | ||
| 942 | |c BK | ||
| 945 | |d 20000602 00:00:00 |a lriquelm | ||
| 260 | |a Barcelona |b Laia |c 1980 | ||
| 500 | |a v.1: Nuevos Problemas | ||
| 500 | |a v.2: Nuevos Enfoques | ||
| 500 | |a v.3: Nuevos Temas | ||
| 650 | 0 | |a Historiografía |9 257871 | |
| 650 | 0 | |a Crítica e interpretación |9 255042 | |
| 650 | 0 | |a Sociología |9 255410 | |
| 650 | 7 | |a MARXISMO |2 CL-VaPUC |9 444546 | |
| 650 | 0 | |a Arqueología |9 265619 | |
| 650 | 0 | |a Demografía |9 260008 | |
| 650 | 0 | |a Economía |9 255568 | |
| 650 | 0 | |a Religión |9 255164 | |
| 650 | 0 | |a Mitos |9 267117 | |
| 650 | 0 | |a Lenguaje |9 265069 | |
| 650 | 0 | |a Sociedad |9 307903 | |
| 583 | |a last modification |c 20000602 00:00:00 |k Rodrigo Vera | ||
| 490 | 0 | |a Colección Papel 451, 43-47-50 | |
| 999 | |c 288521 |d 288519 | ||
| 952 | |0 0 |1 0 |4 0 |6 907_200000000000000_LEG_1980 |7 0 |8 X |9 336237 |a BIBHIS |b BIBHIS |d 2019-11-20 |h v.3 |i 1376055 |o 907.2 LEG 1980 |p 1376055 |r 2024-01-30 |w 2019-11-20 |y BK_X |k HIS | ||